Verejná správa časopis vlády pre štátnu správu a samosprávu

Guardado en:
Detalles Bibliográficos
Formato: Seriadas
Lenguaje:eslovaco
Publicado: Bratislava Vláda Slovenskej republiky 2003
Materias:
Etiquetas: Agregar Etiqueta
Sin Etiquetas, Sea el primero en etiquetar este registro!

MARC

LEADER 00000nas2a22000001 4500
001 0052865
005 20080129090044.3
022 |a 1335-7883 
041 0 |a slo 
044 |a SK 
245 1 0 |a Verejná správa  |b časopis vlády pre štátnu správu a samosprávu 
264 1 |a Bratislava  |b Vláda Slovenskej republiky  |c 2003 
773 0 |w eu_un_cat*s120033 
610 2 0 |a správa verejná